|
|
|
|
| LEADER |
00000nam0a2200000 4500 |
| 001 |
272960 |
| 005 |
20231101234602.0 |
| 035 |
|
|
|a (RuTPU)RU\TPU\book\296169
|
| 090 |
|
|
|a 272960
|
| 100 |
|
|
|a 20141022d1987 km y0rusy50 ca
|
| 101 |
0 |
|
|a rus
|
| 102 |
|
|
|a RU
|
| 105 |
|
|
|a a g 000zy
|
| 200 |
1 |
|
|a Справочник молодого электросварщика по ручной сварке
|e справочное пособие для ПТУ
|f Г. Г. Чернышов, В. Б. Мордынский
|
| 210 |
|
|
|a Москва
|c Машиностроение
|d 1987
|
| 215 |
|
|
|a 112 с.
|c ил.
|
| 606 |
1 |
|
|a Электросварка дуговая, ручная
|2 stltpush
|3 (RuTPU)RU\TPU\subj\20797
|9 45874
|
| 610 |
1 |
|
|a сварочные материалы
|
| 610 |
1 |
|
|a сварочная дуга
|
| 610 |
1 |
|
|a физико-химические процессы
|
| 610 |
1 |
|
|a сварка
|
| 610 |
1 |
|
|a специальные методы
|
| 610 |
1 |
|
|a дефекты
|
| 610 |
1 |
|
|a справочники
|
| 675 |
|
|
|a 621.791.75(035)
|v 3
|
| 700 |
|
1 |
|a Чернышов
|b Г. Г.
|g Георгий Георгиевич
|
| 701 |
|
1 |
|a Мордынский
|b В. Б.
|g Виталий Брониславович
|
| 801 |
|
1 |
|a RU
|b 63413507
|c 20141022
|
| 801 |
|
2 |
|a RU
|b 63413507
|c 20160412
|g RCR
|
| 942 |
|
|
|c BK
|